[Event "Brno Open 2023 - B FIDE open"]
[Site "Bobycentrum hotel, Brno"]
[Date "2023.11.16"]
[Round "7"]
[Board "2"]
[White "Slepov, Cyril"]
[Black "Zuo, Yifan"]
[Result "1/2-1/2"]
[WhiteElo "2078"]
[BlackElo "2337"]
[PlyCount "47"]
[EventDate "2023.11.11"]
[EventRounds "9"]
[EventCountry "CZE"]

1. d4 d5 2. Nf3 Nf6 3. Bf4 e6 4. e3 c5 5. c3 Bd6 6. Bg3 Qc7 7. Nbd2 Nbd7 8. Bb5 O-O
9. O-O e5 10. Bxd7 Nxd7 11. e4 exd4 12. exd5 Bxg3 13. hxg3 dxc3 14. bxc3 c4 15. Ne4
Nb6 16. Qd4 Bf5 17. Rfe1 Rad8 18. d6 Qc6 19. Rad1 Bxe4 20. Ne5 Qd5 21. Qxe4 Qxe4
22. Rxe4 Rfe8 23. Rdd4 Kf8 24. Kf1  1/2-1/2

[Event "Brno Open 2023 - B FIDE open"]
[Site "Bobycentrum hotel, Brno"]
[Date "2023.11.16"]
[Round "7"]
[Board "3"]
[White "Johnson, Joshua"]
[Black "Pokorny, Petr"]
[Result "1/2-1/2"]
[WhiteElo "2337"]
[BlackElo "2131"]
[PlyCount "97"]
[EventDate "2023.11.11"]
[EventRounds "9"]
[EventCountry "CZE"]

1. e4 e5 2. Nf3 Nf6 3. Nxe5 d6 4. Nf3 Nxe4 5. d4 d5 6. Bd3 Nc6 7. O-O Be7 8. Nbd2
Nxd2 9. Bxd2 Bg4 10. c3 O-O 11. h3 Bh5 12. g3 Bd6 13. Kg2 Na5 14. Qc2 Bg6 15. Nh4
Bxd3 16. Qxd3 Nc4 17. Bc1 Be7 18. Nf5 Bf6 19. b3 Nb6 20. Qf3 Re8 21. Be3 Re6 22.
h4 Qd7 23. Rac1 Rae8 24. Rfd1 c6 25. Rc2 Nc8 26. Bf4 Ne7 27. Ne3 Ng6 28. Bg5 h6 29.
Bxf6 Rxf6 30. Qg4 Qxg4 31. Nxg4 Rfe6 32. Ne3 Ne7 33. Rb2 Nc8 34. a4 Nd6 35. c4 dxc4
36. bxc4 b6 37. a5 b5 38. d5 cxd5 39. cxb5 Nc4 40. Nxc4 dxc4 41. Rd7 R6e7 42. Rd1
Rc8 43. Kf3 c3 44. Rc2 g6 45. a6 h5 46. Rd3 Rec7 47. Rd5 Re7 48. Rd3 Rec7 49. Rd5
 1/2-1/2

[Event "Brno Open 2023 - B FIDE open"]
[Site "Bobycentrum hotel, Brno"]
[Date "2023.11.16"]
[Round "7"]
[Board "4"]
[White "Biliy, Vadim"]
[Black "Cupid, Kevin"]
[Result "1/2-1/2"]
[WhiteElo "2331"]
[BlackElo "2186"]
[PlyCount "141"]
[EventDate "2023.11.11"]
[EventRounds "9"]
[EventCountry "CZE"]

1. d4 Nf6 2. Nf3 g6 3. e3 Bg7 4. Be2 c5 5. c3 cxd4 6. cxd4 O-O 7. O-O d5 8. b3 Ne4
9. Bb2 Nc6 10. Nc3 Nxc3 11. Bxc3 Bg4 12. h3 Bxf3 13. Bxf3 Qd6 14. Rc1 Rfd8 15. Qd2
e6 16. Rc2 Bf8 17. Rfc1 Nb4 18. Bxb4 Qxb4 19. Qxb4 Bxb4 20. Rc7 Rab8 21. a4 a6 22.
g4 h6 23. Kg2 Kg7 24. h4 Rd6 25. Be2 Ba5 26. R7c2 Rb6 27. Rb1 Rb4 28. f4 Kf6 29.
Kg3 Ke7 30. Kf3 Kd6 31. Rc5 Bb6 32. Rc2 Bd8 33. Kg3 Bc7 34. Bd1 Kd7 35. Kf3 Bd8 36.
Kg3 Bc7 37. Rbc1 Bd6 38. Rd2 g5 39. h5 f5 40. gxf5 exf5 41. Bc2 Ke6 42. Kf3 g4+ 43.
Kg3 Kf6 44. Bd1 Rb6 45. Rd3 Re8 46. Kf2 Rb4 47. Rcc3 Re4 48. Be2 Bxf4 49. Bf1 Bxe3+
50. Rxe3 Rxe3 51. Rxe3 Rxd4 52. Re8 Rf4+ 53. Kg2 Kg5 54. Rd8 Rd4 55. Bc4 Rd2+ 56.
Kf1 Kxh5 57. a5 d4 58. Rd5 Kg5 59. Ke1 Ra2 60. Bd3 Kf4 61. Bxf5 g3 62. Bh3 Rh2 63.
Bf1 g2 64. Rxd4+ Ke5 65. Rg4 gxf1=Q+ 66. Kxf1 Ra2 67. Rb4 Kd5 68. Rxb7 Rxa5 69. Rh7
Kd4 70. Rxh6 Kc3 71. Rb6  1/2-1/2

[Event "Brno Open 2023 - B FIDE open"]
[Site "Bobycentrum hotel, Brno"]
[Date "2023.11.16"]
[Round "7"]
[Board "5"]
[White "Llopis de Aysa, Manuel"]
[Black "Setina, Vaclav"]
[Result "1-0"]
[WhiteElo "1986"]
[BlackElo "1908"]
[PlyCount "33"]
[EventDate "2023.11.11"]
[EventRounds "9"]
[EventCountry "CZE"]

1. d4 d5 2. c4 c6 3. cxd5 cxd5 4. Bf4 Nc6 5. e3 Bf5 6. Qb3 Qd7 7. Nc3 e6 8. Nf3 Bd6
9. Bxd6 Qxd6 10. Be2 Nge7 11. O-O O-O 12. Na4 Na5 13. Qc3 b6 14. Ba6 Qc6 15. Qb4
Qd7 16. Ne5 Nec6 17. Qxf8+  1-0

[Event "Brno Open 2023 - B FIDE open"]
[Site "Bobycentrum hotel, Brno"]
[Date "2023.11.16"]
[Round "7"]
[Board "7"]
[White "Brzezina, Piotr"]
[Black "Buchta, Vaclav"]
[Result "1/2-1/2"]
[WhiteElo "2036"]
[BlackElo "1923"]
[PlyCount "112"]
[EventDate "2023.11.11"]
[EventRounds "9"]
[EventCountry "CZE"]

1. e4 e6 2. d4 d5 3. Nd2 a6 4. Ngf3 c5 5. exd5 exd5 6. dxc5 Bxc5 7. Nb3 Bb6 8. Be2
Nf6 9. O-O O-O 10. Bf4 Nc6 11. Nfd4 Ne4 12. c3 f5 13. f3 Nf6 14. Bg5 Qe8 15. Re1
Qh5 16. Bxf6 Rxf6 17. f4 Qf7 18. Bh5 g6 19. Bf3 Bd7 20. Qd2 Re6 21. Rxe6 Qxe6 22.
Re1 Nxd4 23. Nxd4 Bxd4+ 24. Kh1 Qf7 25. Qxd4 Bc6 26. Re5 Re8 27. Rxe8+ Qxe8 28. Bxd5+
Bxd5 29. Qxd5+ Kf8 30. h3 Qe2 31. Qc5+ Kg7 32. Qc7+ Kh6 33. Qxb7 Qf1+ 34. Kh2 Qxf4+
35. g3 Qd2+ 36. Qg2 Qe3 37. Qf1 Qd2+ 38. Qg2 Qe3 39. Qc2 f4 40. gxf4 Qxf4+ 41. Kg2
Qg5+ 42. Kf1 Qf4+ 43. Qf2 Qc1+ 44. Kg2 Qg5+ 45. Kh1 Qd5+ 46. Kh2 Qd6+ 47. Kg1 Qd1+
48. Qf1 Qd6 49. Qf3 Qc5+ 50. Kh1 Qg5 51. Qf8+ Kh5 52. Qf2 Qd5+ 53. Kh2 Qe5+ 54. Kg2
Qg5+ 55. Kf3 Qf5+ 56. Ke2 Qe6+  1/2-1/2

[Event "Brno Open 2023 - B FIDE open"]
[Site "Bobycentrum hotel, Brno"]
[Date "2023.11.16"]
[Round "7"]
[Board "8"]
[White "Sliwerski, Radoslaw"]
[Black "Tesar, Jan"]
[Result "1-0"]
[WhiteElo "2017"]
[BlackElo "1912"]
[PlyCount "45"]
[EventDate "2023.11.11"]
[EventRounds "9"]
[EventCountry "CZE"]

1. d4 d5 2. c4 e5 3. dxe5 d4 4. Nf3 Nc6 5. g3 Nge7 6. Bg2 Ng6 7. Bg5 Qd7 8. O-O Ngxe5
9. Nxe5 Nxe5 10. b3 h6 11. Bc1 Be7 12. Bb2 Bf6 13. Nd2 O-O 14. Ne4 c5 15. Nxc5 Qe7
16. Ne4 Rd8 17. Qd2 Bg4 18. Nxf6+ Qxf6 19. Bxb7 d3 20. Bxe5 dxe2 21. Qxe2 Bxe2 22.
Bxf6 Bxf1 23. Bxd8  1-0

[Event "Brno Open 2023 - B FIDE open"]
[Site "Bobycentrum hotel, Brno"]
[Date "2023.11.16"]
[Round "7"]
[Board "9"]
[White "Rybackova, Lucie"]
[Black "Fraczek, Dariusz"]
[Result "1/2-1/2"]
[WhiteElo "1924"]
[BlackElo "2013"]
[PlyCount "61"]
[EventDate "2023.11.11"]
[EventRounds "9"]
[EventCountry "CZE"]

1. d4 d5 2. Nf3 Nf6 3. c4 e6 4. g3 dxc4 5. Qa4+ Nbd7 6. Qxc4 a6 7. Qc2 b5 8. Bg2
Bb7 9. O-O c5 10. e3 Rc8 11. Qe2 Qb6 12. b3 cxd4 13. Nxd4 Bxg2 14. Kxg2 e5 15. Nf3
e4 16. Nd4 Ne5 17. Nd2 Bb4 18. Bb2 O-O 19. Rac1 Qd6 20. a3 Bxd2 21. Qxd2 Nd3 22.
Rxc8 Rxc8 23. h3 Nxb2 24. Qxb2 Qc5 25. Rd1 h5 26. Rd2 Qc3 27. Qxc3 Rxc3 28. Kf1 g6
29. Ke2 Kf8 30. Kd1 Ke7 31. Ke2  1/2-1/2

[Event "Brno Open 2023 - B FIDE open"]
[Site "Bobycentrum hotel, Brno"]
[Date "2023.11.16"]
[Round "7"]
[Board "10"]
[White "Pribyl, Rene"]
[Black "Filippskikh, Oleksii"]
[Result "0-1"]
[WhiteElo "1864"]
[BlackElo "1996"]
[PlyCount "92"]
[EventDate "2023.11.11"]
[EventRounds "9"]
[EventCountry "CZE"]

1. d4 d5 2. c4 e6 3. Nc3 a6 4. cxd5 exd5 5. Bf4 Bd6 6. Bxd6 Qxd6 7. Nf3 Nf6 8. e3
Bg4 9. Be2 Nbd7 10. O-O O-O 11. a3 Rfe8 12. b4 c6 13. Na4 Ne4 14. Qc2 b5 15. Nc5
Bxf3 16. Bxf3 Ndxc5 17. dxc5 Qf6 18. Rad1 Ng5 19. Be2 a5 20. a4 bxa4 21. b5 Ne4 22.
b6 Nc3 23. Rd2 Nxe2+ 24. Rxe2 Re4 25. Qd3 Rb4 26. Rc1 Qg6 27. Qxg6 hxg6 28. Ra2 Kf8
29. Kf1 Ke8 30. Ke2 Kd7 31. Kd3 Rh8 32. h3 Kc8 33. Rca1 Rhh4 34. f4 Rb3+ 35. Ke2
d4 36. exd4 Rxf4 37. Rxa4 Rb2+ 38. Ke3 Rff2 39. Rxa5 Rfe2+ 40. Kf3 Rf2+ 41. Kg4 Rxg2+
42. Kh4 Rbf2 43. Ra8+ Kd7 44. R1a7+ Ke6 45. Re8+ Kf6 46. Re4 Kf5  0-1

[Event "Brno Open 2023 - B FIDE open"]
[Site "Bobycentrum hotel, Brno"]
[Date "2023.11.17"]
[Round "8"]
[Board "2"]
[White "Llopis de Aysa, Manuel"]
[Black "Slepov, Cyril"]
[Result "0-1"]
[WhiteElo "1986"]
[BlackElo "2078"]
[PlyCount "134"]
[EventDate "2023.11.11"]
[EventRounds "9"]
[EventCountry "CZE"]

1. d4 Nf6 2. Nf3 g6 3. Nbd2 d5 4. b4 Bg7 5. e3 O-O 6. c4 a5 7. b5 c5 8. bxc6 Nxc6
9. Bb2 Bf5 10. Be2 Nb4 11. O-O Bc2 12. Qc1 Rc8 13. a3 Bd3 14. Qd1 Bxe2 15. Qxe2 Nc6
16. Rfc1 dxc4 17. Rxc4 Qb6 18. Rc2 Ne5 19. Rac1 Nxf3+ 20. Nxf3 Rxc2 21. Qxc2 Ne8
22. Nd2 Nd6 23. Qb3 Qa6 24. Nc4 Nxc4 25. Rxc4 b5 26. Rc5 Rb8 27. Qc2 b4 28. Rc6 Qb5
29. Rc5 Qb6 30. Rc6 Qd8 31. axb4 axb4 32. Qb3 e6 33. f3 Qa5 34. Kf2 h5 35. Rc5 Qd8
36. Rc4 Qh4+ 37. Kf1 Bf8 38. Bc3 Qxh2 39. Bxb4 Bd6 40. Qc3 Bg3 41. Rc8+ Rxc8 42.
Qxc8+ Kh7 43. Qb7 Qh1+ 44. Ke2 Qxg2+ 45. Kd3 Qf1+ 46. Kd2 Be1+ 47. Kc2 Qc4+ 48. Kd1
Qxb4 49. Qxf7+ Kh6 50. Qf4+ Kg7 51. Qc7+ Kf8 52. Qd8+ Kf7 53. Qc7+ Kg8 54. Qd8+ Kh7
55. Qc7+ Kh6 56. Qf4+ Kg7 57. Qc7+ Kf8 58. Qd8+ Kf7 59. Qc7+ Qe7 60. Qxe7+ Kxe7 61.
Kxe1 Kd6 62. e4 Kc6 63. f4 Kb5 64. Kf2 h4 65. Kf3 Kc4 66. d5 exd5 67. f5 dxe4+  0-1

[Event "Brno Open 2023 - B FIDE open"]
[Site "Bobycentrum hotel, Brno"]
[Date "2023.11.17"]
[Round "8"]
[Board "3"]
[White "Filippskikh, Oleksii"]
[Black "Johnson, Joshua"]
[Result "0-1"]
[WhiteElo "1996"]
[BlackElo "2337"]
[PlyCount "40"]
[EventDate "2023.11.11"]
[EventRounds "9"]
[EventCountry "CZE"]

1. d4 d5 2. c4 c6 3. cxd5 cxd5 4. Bf4 Nf6 5. e3 Nc6 6. Bd3 Qb6 7. Qb3 Nb4 8. Na3
Nxd3+ 9. Qxd3 Bd7 10. Ne2 e6 11. O-O Qxb2 12. Nb1 Bb5 13. Qc3 Qxe2 14. Na3 Ne4 15.
Qb3 Bc6 16. Rfe1 Qxf2+ 17. Kh1 Bd6 18. Rf1 Qh4 19. Nb5 Bxf4 20. Rxf4 Qe7  0-1

[Event "Brno Open 2023 - B FIDE open"]
[Site "Bobycentrum hotel, Brno"]
[Date "2023.11.17"]
[Round "8"]
[Board "4"]
[White "Kovalenko, Vladimir N."]
[Black "Biliy, Vadim"]
[Result "1/2-1/2"]
[WhiteElo "1993"]
[BlackElo "2331"]
[PlyCount "23"]
[EventDate "2023.11.11"]
[EventRounds "9"]
[EventCountry "CZE"]

1. e4 e6 2. d4 d5 3. exd5 exd5 4. Bd3 Nf6 5. Bf4 Bd6 6. Bxd6 Qxd6 7. Nf3 O-O 8. O-O
Bg4 9. h3 Bh5 10. c3 Nc6 11. Nbd2 Nd7 12. Qc2  1/2-1/2

[Event "Brno Open 2023 - B FIDE open"]
[Site "Bobycentrum hotel, Brno"]
[Date "2023.11.17"]
[Round "8"]
[Board "5"]
[White "Husek, Martin"]
[Black "Sliwerski, Radoslaw"]
[Result "1-0"]
[WhiteElo "2245"]
[BlackElo "2017"]
[PlyCount "49"]
[EventDate "2023.11.11"]
[EventRounds "9"]
[EventCountry "CZE"]

1. d4 Nf6 2. c4 e6 3. Nf3 d5 4. Nc3 Bb4 5. cxd5 exd5 6. Bg5 h6 7. Bh4 c5 8. e3 c4
9. Be2 g5 10. Bg3 Qa5 11. Nd2 Bxc3 12. bxc3 Bf5 13. O-O O-O 14. Be5 Nbd7 15. f4 g4
16. e4 Bxe4 17. Bxg4 Nxe5 18. fxe5 Nh7 19. Nxe4 dxe4 20. Qd2 f6 21. Qxh6 Qxc3 22.
Qg6+ Kh8 23. Bf5 Qxd4+ 24. Kh1 Ng5 25. Rad1  1-0

[Event "Brno Open 2023 - B FIDE open"]
[Site "Bobycentrum hotel, Brno"]
[Date "2023.11.17"]
[Round "8"]
[Board "6"]
[White "Cupid, Kevin"]
[Black "Ovcharov, Taras"]
[Result "1-0"]
[WhiteElo "2186"]
[BlackElo "1986"]
[PlyCount "71"]
[EventDate "2023.11.11"]
[EventRounds "9"]
[EventCountry "CZE"]

1. d4 Nf6 2. Nf3 e6 3. Bg5 h6 4. Bxf6 Qxf6 5. e4 d6 6. e5 Qd8 7. Bd3 g6 8. Qe2 Bg7
9. Nc3 O-O 10. O-O-O b6 11. h4 Bb7 12. Rh3 Nc6 13. h5 g5 14. Qe4 Re8 15. Qh7+ Kf8
16. Rg3 Nb4 17. Rxg5 hxg5 18. h6 Bxh6 19. Qxh6+ Ke7 20. exd6+ cxd6 21. Qxg5+ Kf8
22. Qh6+ Ke7 23. Be4 d5 24. Ne5 Rf8 25. Bg6 Rh8 26. Qf4 f6 27. Ng4 f5 28. Re1 Qd6
29. Ne5 Raf8 30. Qg5+ Rf6 31. Bh5 Rhf8 32. Nb5 Nxa2+ 33. Kd1 Qb4 34. Qg7+ R6f7 35.
Bxf7 Qxb5 36. Bxe6+  1-0

[Event "Brno Open 2023 - B FIDE open"]
[Site "Bobycentrum hotel, Brno"]
[Date "2023.11.17"]
[Round "8"]
[Board "7"]
[White "Pokorny, Petr"]
[Black "Baklanova, Tatiana"]
[Result "1/2-1/2"]
[WhiteElo "2131"]
[BlackElo "2147"]
[PlyCount "42"]
[EventDate "2023.11.11"]
[EventRounds "9"]
[EventCountry "CZE"]

1. d4 Nf6 2. c4 d6 3. Nf3 g6 4. Nc3 Bg7 5. e4 O-O 6. Be2 Bg4 7. O-O Nfd7 8. Be3 e5
9. dxe5 Bxf3 10. Bxf3 Nxe5 11. Be2 Nbc6 12. Qd2 Re8 13. Rad1 Qc8 14. h3 Qe6 15. Nd5
Rac8 16. b3 h5 17. Rde1 Nd7 18. Bd3 Nc5 19. Bb1 Qe5 20. Bh6 Qd4 21. Qxd4 Bxd4  1/2-1/2

[Event "Brno Open 2023 - B FIDE open"]
[Site "Bobycentrum hotel, Brno"]
[Date "2023.11.17"]
[Round "8"]
[Board "8"]
[White "Tikovsky, Alexandr"]
[Black "Setina, Vaclav"]
[Result "1/2-1/2"]
[WhiteElo "2100"]
[BlackElo "1908"]
[PlyCount "59"]
[EventDate "2023.11.11"]
[EventRounds "9"]
[EventCountry "CZE"]

1. d4 d5 2. Nf3 Nf6 3. c4 c6 4. Qc2 e6 5. g3 Nbd7 6. Bg2 Be7 7. O-O O-O 8. Nbd2 b6
9. e4 dxe4 10. Nxe4 Nxe4 11. Qxe4 Ba6 12. Qc2 Rc8 13. Rd1 Bf6 14. Bf4 Qe7 15. Re1
Rfd8 16. Rad1 Nf8 17. c5 Qb7 18. b3 Ng6 19. Bg5 Be7 20. h4 bxc5 21. dxc5 Rd5 22.
Bxe7 Qxe7 23. b4 Rcd8 24. Ng5 Bd3 25. Qb3 Bc4 26. Qc2 Bd3 27. Qc3 Bc4 28. Rxd5 Bxd5
29. Bxd5 Rxd5 30. Ne4  1/2-1/2

[Event "Brno Open 2023 - B FIDE open"]
[Site "Bobycentrum hotel, Brno"]
[Date "2023.11.17"]
[Round "8"]
[Board "9"]
[White "Moewisch, Dave"]
[Black "Brzezina, Piotr"]
[Result "0-1"]
[WhiteElo "1916"]
[BlackElo "2036"]
[PlyCount "94"]
[EventDate "2023.11.11"]
[EventRounds "9"]
[EventCountry "CZE"]

1. e4 c5 2. Nf3 d6 3. c3 Nf6 4. h3 g6 5. Bd3 Bg7 6. Bc2 e5 7. O-O O-O 8. d4 cxd4
9. cxd4 exd4 10. Nxd4 Re8 11. Re1 Nc6 12. Nxc6 bxc6 13. Nc3 Be6 14. Ba4 Rc8 15. Bf4
d5 16. exd5 Nxd5 17. Nxd5 Qxd5 18. Qc2 Qd4 19. Be3 Qxb2 20. Qxb2 Bxb2 21. Rab1 Be5
22. Rec1 Bxa2 23. Rb7 Bd5 24. Rxa7 Red8 25. Bc5 Ra8 26. Rxa8 Rxa8 27. Re1 f6 28.
Bc2 Ra2 29. Bd3 Rd2 30. Bb1 Bd4 31. Bxd4 Rxd4 32. f3 Rd2 33. Be4 Kf7 34. Bxd5+ Rxd5
35. f4 c5 36. Kf2 f5 37. g4 c4 38. gxf5 Rxf5 39. Ke3 Rf6 40. Rc1 Rc6 41. Rc3 Kf6
42. Ke4 Rc8 43. h4 h5 44. Kd5 Kf5 45. Kd6 Rd8+ 46. Kc5 Kg4 47. Kb4 Rd4  0-1

[Event "Brno Open 2023 - B FIDE open"]
[Site "Bobycentrum hotel, Brno"]
[Date "2023.11.17"]
[Round "8"]
[Board "10"]
[White "Fraczek, Dariusz"]
[Black "Brzezina, Pawel"]
[Result "1-0"]
[WhiteElo "2013"]
[BlackElo "1769"]
[PlyCount "81"]
[EventDate "2023.11.11"]
[EventRounds "9"]
[EventCountry "CZE"]

1. d4 Nf6 2. c4 e6 3. Nc3 Bb4 4. e3 b6 5. Nge2 Ba6 6. a3 Be7 7. Nf4 d6 8. Be2 O-O
9. O-O d5 10. cxd5 Bxe2 11. Qxe2 exd5 12. b4 Bd6 13. Ncxd5 Nxd5 14. Nxd5 Bxh2+ 15.
Kxh2 Qxd5 16. Qf3 Qxf3 17. gxf3 Nd7 18. Bb2 Rac8 19. Rfd1 f5 20. d5 Nf6 21. Rac1
Kf7 22. Rc6 Ke7 23. Kg2 Rfd8 24. e4 Kf7 25. Bxf6 gxf6 26. Kg3 Rd6 27. Rdc1 Rxc6 28.
Rxc6 Ke7 29. Kf4 fxe4 30. fxe4 Kd7 31. Rxf6 Rh8 32. Rh6 Rf8+ 33. Ke3 Rf7 34. e5 Rg7
35. b5 Kd8 36. Ke4 Rf7 37. f4 Rg7 38. Rh4 Ke8 39. f5 Rg1 40. f6 Re1+ 41. Kf5  1-0

[Event "Brno Open 2023 - B FIDE open"]
[Site "Bobycentrum hotel, Brno"]
[Date "2023.11.18"]
[Round "9"]
[Board "1"]
[White "Wu, Yixing"]
[Black "Johnson, Joshua"]
[Result "1/2-1/2"]
[WhiteElo "2307"]
[BlackElo "2337"]
[PlyCount "85"]
[EventDate "2023.11.11"]
[EventRounds "9"]
[EventCountry "CZE"]

1. Nf3 d5 2. e3 g6 3. c4 dxc4 4. Bxc4 Bg7 5. Qb3 Nh6 6. d4 O-O 7. Nc3 Nc6 8. Be2
b6 9. O-O Bb7 10. Rd1 Nf5 11. a3 e6 12. Qc2 Re8 13. b4 a6 14. Bb2 Qf6 15. Rab1 Nh4
16. Nxh4 Qxh4 17. Bf3 Qg5 18. h4 Qe7 19. Rbc1 Rec8 20. h5 gxh5 21. Ne2 Nd8 22. Bxb7
Nxb7 23. d5 Bxb2 24. Qxb2 e5 25. Ng3 h4 26. Nf5 Qf6 27. e4 Nd6 28. Rc6 Kh8 29. f4
Re8 30. Rf1 Kg8 31. fxe5 Qxe5 32. Qxe5 Rxe5 33. Nxd6 cxd6 34. Rf4 b5 35. Rxh4 a5
36. Rg4+ Kf8 37. Rxd6 axb4 38. axb4 Ra4 39. Rd8+ Ke7 40. Rgg8 Kf6 41. Rd6+ Ke7 42.
Rdd8 Kf6 43. Rd6+  1/2-1/2

[Event "Brno Open 2023 - B FIDE open"]
[Site "Bobycentrum hotel, Brno"]
[Date "2023.11.18"]
[Round "9"]
[Board "2"]
[White "Slepov, Cyril"]
[Black "Cupid, Kevin"]
[Result "1/2-1/2"]
[WhiteElo "2078"]
[BlackElo "2186"]
[PlyCount "135"]
[EventDate "2023.11.11"]
[EventRounds "9"]
[EventCountry "CZE"]

1. d4 d5 2. c4 dxc4 3. Nf3 Nf6 4. g3 e6 5. Bg2 Nc6 6. O-O Rb8 7. a4 Na5 8. Na3 c6
9. Bd2 Nb3 10. Bf4 Ra8 11. Ra2 Bxa3 12. Rxa3 Nd5 13. Ne5 Nxf4 14. gxf4 Qxd4 15. Nxc6
bxc6 16. Bxc6+ Ke7 17. Rxb3 Qxd1 18. Rxd1 cxb3 19. Bxa8 Ba6 20. Bc6 Rc8 21. Rd7+
Kf6 22. Bf3 Rc2 23. Rxa7 Bxe2 24. Bxe2 Rxe2 25. Rb7 Rxb2 26. a5 Kf5 27. Kg2 Ra2 28.
Rxb3 Rxa5 29. Kg3 h6 30. h4 Rc5 31. Ra3 Kg6 32. Ra7 Rc3+ 33. f3 Rc5 34. Rb7 Ra5 35.
Rc7 Kf6 36. Rb7 Ra1 37. Kg2 Rd1 38. Ra7 Kg6 39. Rb7 Rd5 40. Kg3 Rf5 41. Ra7 Rb5 42.
Rc7 Kf6 43. Ra7 Rb8 44. Rc7 Re8 45. Ra7 Re7 46. Ra5 Rd7 47. Rb5 Rd5 48. Rb7 g6 49.
Ra7 e5 50. fxe5+ Rxe5 51. Rb7 g5 52. hxg5+ Rxg5+ 53. Kf4 Kg7 54. Ra7 Rg1 55. Ra5
Kh7 56. Rb5 Kg7 57. Ra5 Rg6 58. Rb5 Rc6 59. Kg4 Kg6 60. f4 Rc4 61. Ra5 Rb4 62. Rc5
Ra4 63. Rb5 h5+ 64. Rxh5 Rxf4+ 65. Kxf4 Kxh5 66. Kf5 Kh6 67. Kf6 Kh5 68. Kxf7  1/2-1/2

[Event "Brno Open 2023 - B FIDE open"]
[Site "Bobycentrum hotel, Brno"]
[Date "2023.11.18"]
[Round "9"]
[Board "3"]
[White "Husek, Martin"]
[Black "Zuo, Yifan"]
[Result "0-1"]
[WhiteElo "2245"]
[BlackElo "2337"]
[PlyCount "60"]
[EventDate "2023.11.11"]
[EventRounds "9"]
[EventCountry "CZE"]

1. e4 c5 2. Nf3 d6 3. d4 cxd4 4. Nxd4 Nf6 5. Nc3 a6 6. Be2 e6 7. Be3 Qc7 8. g4 b5
9. g5 Nfd7 10. a3 Ne5 11. f4 Nc4 12. Bxc4 Qxc4 13. Qf3 Nd7 14. O-O-O Rb8 15. Nb3
Qc7 16. Qe2 Be7 17. h4 Nc5 18. Kb1 Na4 19. Bd4 Bb7 20. Qe1 e5 21. Be3 Rc8 22. Nxa4
Qxc2+ 23. Ka2 bxa4 24. Na5 Qxe4 25. Nxb7 Qxb7 26. Bd2 Rc2 27. Bc3 O-O 28. fxe5 Rc8
29. Rh3 Qb3+ 30. Ka1 R8xc3  0-1

[Event "Brno Open 2023 - B FIDE open"]
[Site "Bobycentrum hotel, Brno"]
[Date "2023.11.18"]
[Round "9"]
[Board "4"]
[White "Biliy, Vadim"]
[Black "Llopis de Aysa, Manuel"]
[Result "1/2-1/2"]
[WhiteElo "2331"]
[BlackElo "1986"]
[PlyCount "89"]
[EventDate "2023.11.11"]
[EventRounds "9"]
[EventCountry "CZE"]

1. d4 e6 2. Nd2 c5 3. c3 cxd4 4. cxd4 d5 5. Ngf3 Nf6 6. g3 Nc6 7. Bg2 Bd6 8. O-O
O-O 9. Re1 b6 10. a3 Bb7 11. b4 b5 12. Rb1 a5 13. bxa5 Nxa5 14. Rxb5 Bc6 15. Rb1
Qd7 16. Ne5 Bxe5 17. dxe5 Ba4 18. Nb3 Bxb3 19. Rxb3 Nxb3 20. Qxb3 Rfb8 21. Qe3 Ne8
22. Rd1 Qa7 23. Qg5 Rb1 24. Bf3 Rc8 25. Rf1 Qc5 26. Be3 Rxf1+ 27. Kxf1 Qxa3 28. g4
Qc3 29. Bd2 Qc4 30. h4 f6 31. exf6 Nxf6 32. h5 Ne4 33. Bxe4 Qxe4 34. f3 Qd4 35. h6
Qf6 36. Qh5 g6 37. Qh2 e5 38. Qf2 Rc2 39. Qa7 Rxd2 40. g5 Qf8 41. Qa6 Rd1+ 42. Kf2
Qf7 43. Qc8+ Qf8 44. Qe6+ Qf7 45. Qc8+  1/2-1/2

[Event "Brno Open 2023 - B FIDE open"]
[Site "Bobycentrum hotel, Brno"]
[Date "2023.11.18"]
[Round "9"]
[Board "5"]
[White "Bergerhoff, Andreas"]
[Black "Pokorny, Petr"]
[Result "1/2-1/2"]
[WhiteElo "1992"]
[BlackElo "2131"]
[PlyCount "110"]
[EventDate "2023.11.11"]
[EventRounds "9"]
[EventCountry "CZE"]

1. d4 g6 2. Nc3 Bg7 3. Bf4 c5 4. e3 cxd4 5. exd4 d6 6. Nf3 Bg4 7. h3 Bd7 8. Bc4 Nf6
9. Qe2 O-O 10. O-O Nc6 11. Rfe1 Rc8 12. a3 Qb6 13. Na4 Nxd4 14. Nxb6 Nxe2+ 15. Rxe2
axb6 16. Bb3 Be6 17. Rxe6 fxe6 18. Bxe6+ Kh8 19. Bxc8 Rxc8 20. c3 Nd5 21. Bg3 b5
22. Re1 Bf6 23. Bh4 Bxh4 24. Nxh4 Kg7 25. Nf3 Kf6 26. Nd4 Rc5 27. Re6+ Kf7 28. g3
Rc4 29. Re2 b4 30. axb4 Nxb4 31. Ne6 Nc6 32. Ng5+ Kg7 33. Re4 Ne5 34. f4 Rxe4 35.
Nxe4 Nc4 36. b3 Na5 37. Nd2 Kf6 38. Kf2 d5 39. Ke3 Nc6 40. Nf3 e6 41. g4 h6 42. h4
h5 43. gxh5 gxh5 44. b4 Kf5 45. b5 Na7 46. Nd4+ Kg4 47. b6 Nc8 48. Nxe6 Nxb6 49.
Kd4 Kxh4 50. f5 Nd7 51. Nf4 Kg5 52. Nxh5 Kxh5 53. Kxd5 Kg5 54. Kd6 Nf6 55. Kc7 Nd5+
 1/2-1/2

[Event "Brno Open 2023 - B FIDE open"]
[Site "Bobycentrum hotel, Brno"]
[Date "2023.11.18"]
[Round "9"]
[Board "6"]
[White "Brzezina, Piotr"]
[Black "Syzdyk, Samir"]
[Result "1-0"]
[WhiteElo "2036"]
[BlackElo "1639"]
[PlyCount "64"]
[EventDate "2023.11.11"]
[EventRounds "9"]
[EventCountry "CZE"]

1. e4 c5 2. Nf3 Nc6 3. d4 cxd4 4. Nxd4 Nf6 5. Nc3 e5 6. Ndb5 d6 7. Nd5 Nxd5 8. exd5
Nb8 9. a4 Be7 10. Be2 a6 11. Na3 O-O 12. O-O f5 13. Bd2 Nd7 14. a5 Rf6 15. Nc4 h6
16. f4 exf4 17. Bxf4 b5 18. axb6 Nxb6 19. Na5 Qc7 20. c4 Bd7 21. b4 g5 22. Be3 Rb8
23. Qb3 Kh7 24. Bd3 Rff8 25. Qc2 Qc8 26. Nc6 Bxc6 27. Bxf5+ Rxf5 28. Rxf5 Kg8 29.
Rxg5+ Bxg5 30. Qg6+ Kf8 31. Rf1+ Ke7 32. Rf7+ Kd8  1-0

[Event "Brno Open 2023 - B FIDE open"]
[Site "Bobycentrum hotel, Brno"]
[Date "2023.11.18"]
[Round "9"]
[Board "7"]
[White "Svobodova, Michaela"]
[Black "Fraczek, Dariusz"]
[Result "1/2-1/2"]
[WhiteElo "1957"]
[BlackElo "2013"]
[PlyCount "78"]
[EventDate "2023.11.11"]
[EventRounds "9"]
[EventCountry "CZE"]

1. e4 e6 2. d4 d5 3. exd5 exd5 4. Nf3 Nf6 5. Bd3 Be7 6. O-O O-O 7. h3 c5 8. dxc5
Bxc5 9. Nc3 h6 10. a3 a6 11. b4 Ba7 12. Bf4 Nc6 13. Qd2 Ne7 14. Rad1 Be6 15. Rfe1
Rc8 16. Be5 Nc6 17. Bg3 Nh5 18. Bh2 Qf6 19. Ne5 Bd4 20. Nxd5 Bxd5 21. Nd7 Qg5 22.
Qxg5 hxg5 23. Nxf8 Rxf8 24. c4 Be6 25. b5 Na5 26. Be2 Bc3 27. Bxh5 Bxe1 28. Rxe1
Nxc4 29. bxa6 bxa6 30. Rc1 Rc8 31. a4 Kf8 32. Bf3 Nb2 33. Rxc8+ Bxc8 34. a5 Nc4 35.
Bc7 Ke7 36. Bd5 Be6 37. Bb7 Kd7 38. Bb8 Nxa5 39. Bxa6 Bc4  1/2-1/2

[Event "Brno Open 2023 - B FIDE open"]
[Site "Bobycentrum hotel, Brno"]
[Date "2023.11.18"]
[Round "9"]
[Board "9"]
[White "Fraczek, Weronika"]
[Black "Baklanova, Tatiana"]
[Result "1/2-1/2"]
[WhiteElo "1911"]
[BlackElo "2147"]
[PlyCount "96"]
[EventDate "2023.11.11"]
[EventRounds "9"]
[EventCountry "CZE"]

1. e4 c5 2. Nf3 a6 3. d4 cxd4 4. Nxd4 Nf6 5. Nc3 e5 6. Nf3 Bb4 7. Bd2 Nc6 8. Qe2
O-O 9. O-O-O b5 10. Nd5 Bxd2+ 11. Rxd2 d6 12. Nxf6+ Qxf6 13. Qe3 Bg4 14. Be2 Bxf3
15. Qxf3 Qe6 16. Qb3 Qxb3 17. axb3 Nd4 18. Bd1 Rfc8 19. Kb1 b4 20. Be2 a5 21. Bc4
a4 22. Rhd1 axb3 23. cxb3 Ra5 24. Rd3 Kf8 25. Rxd4 exd4 26. Rxd4 Ke7 27. Kc2 Ra1
28. Rd2 Rc5 29. h4 h6 30. Kd3 Rg1 31. g3 Ra5 32. Bd5 Rc5 33. Bc4 f6 34. Ke3 Re1+
35. Kd4 Kd7 36. Rc2 Kc7 37. Kd3 Kb6 38. Rd2 Ra5 39. Bd5 Rc1 40. Ke3 Raa1 41. Kf4
Rd1 42. Re2 Re1 43. Rd2 Rad1 44. Rc2 Rc1 45. Rd2 Red1 46. Re2 Re1 47. Rd2 Red1 48.
Re2 Re1  1/2-1/2